Générique Les Trois Petites Soeurs - Paroles - Statistiques

Statistiques générales
  • Ce quiz a été pris 17 fois
  • Le résultat moyen est 12 sur 16
Statistiques - réponses
Paroles % Correct
On est trois {filles}
100%
Un, deux, {trois}
100%
Des triplées plutôt {gentilles}
93%
Un, deux, {trois}
93%
Un, deux, {trois}
87%
Un, deux, {trois}
87%
Un, deux, {trois}
87%
Là-bas au pays des {contes}
80%
On va vous {emmener}
80%
La sorcière, on la {dessine}
73%
On la {taquine}
67%
Avec ces {souris} là
60%
Qu'est ce qu'on {raconte}
60%
Venez les {copines}
60%
Drôles de {bobines}
53%
Venez les {copines}
53%
Aucun quiz correspondant
Distribution des résultats
% des personnes avec chaque résultat
Percentile par nombre de réponses
Votre historique - résultats
Vous n’avez pas pris ce quiz